Statystyki dla Dzisiejsze kraje w granicach RP obojga narodów w 1620

Kliknij tutaj aby rozwiązać quiz!

Ogólne statystyki

  • Ten quiz został rozwiązany 308 razy
  • Średni wynik to 8 z 8

Statystyki odpowiedzi

Dzisiaj Część% Poprawnych
CałośćLitwa
99%
CzęśćRosja
99%
CzęśćUkraina
99%
CzęśćŁotwa
98%
CałośćBiałoruś
96%
CzęśćEstonia
96%
CzęśćMołdawia
88%
CzęśćPolska
87%

Rozkład punktacji

Percentyl według liczby udzielonych odpowiedzi

Procent ludzi z każdym wynikiem

Twoja historia wyników

Nie rozwiązałeś tego quizu